[Event "VIII Tarragona op"]
[Site "Tarragona"]
[Date "2007.08.22"]
[Round "5.10"]
[White "Ramiro Ovejero, Juan Luis"]
[Black "Valls Marti, Artur"]
[Result "1-0"]
[WhiteElo "2329"]
[BlackElo "2116"]
[PlyCount "143"]
[EventDate "2007.08.18"]

1. e4 c6 2. d4 d5 3. Nd2 dxe4 4. Nxe4 Nd7 5. Bd3 Ngf6 6. Ng5 e6 7. N1f3 Bd6 8.
Qe2 h6 9. Ne4 Nxe4 10. Qxe4 Nf6 11. Qe2 Qc7 12. Bd2 b6 13. O-O-O Bb7 14. Ne5
O-O-O 15. f4 c5 16. dxc5 Bxc5 17. Kb1 Rhe8 18. a3 Bd6 19. Rhf1 Kb8 20. c4 Ng8
21. Bc3 f6 22. Nf3 Bxf4 23. g3 Bd6 24. Nd4 e5 25. Nb5 Qc6 26. Bg6 Re7 27. Bb4
Red7 28. Bxd6+ Rxd6 29. Nxd6 Rxd6 30. Rxd6 Qxd6 31. Rd1 Qc7 32. Be4 Bc8 33. b4
f5 34. Bg2 Nf6 35. c5 e4 36. cxb6 Qxb6 37. Qd2 Be6 38. Qc3 Qc7 39. Kb2 Nd5 40.
Qd4 Nb6 41. Qd8+ Qxd8 42. Rxd8+ Kc7 43. Rd1 Nc4+ 44. Kc3 Ne3 45. Rd2 Nc4 46.
Rd4 Ne3 47. Bh3 g5 48. Kd2 Nc4+ 49. Rxc4+ Bxc4 50. Bxf5 Kd6 51. Bxe4 Ke5 52.
Ke3 Bb5 53. Bc2 Bc6 54. a4 Bd7 55. a5 h5 56. Bb3 Kf5 57. Bc4 h4 58. b5 Kg4 59.
b6 axb6 60. axb6 Bc8 61. Be6+ Bxe6 62. b7 hxg3 63. b8=Q gxh2 64. Qxh2 Kf5 65.
Qg3 Bd5 66. Kd4 Bf7 67. Qf3+ Ke6 68. Qd5+ Kf6 69. Qe5+ Kg6 70. Ke4 Kh5 71. Kf5
Bg6+ 72. Kf6 1-0

[Event "VIII Tarragona op"]
[Site "Tarragona"]
[Date "2007.08.23"]
[Round "6.1"]
[White "Movsziszian, Karen"]
[Black "Kosten, Anthony C"]
[Result "1-0"]
[WhiteElo "2534"]
[BlackElo "2508"]
[PlyCount "101"]
[EventDate "2007.08.18"]

1. Nf3 c5 2. e4 d6 3. g3 Nc6 4. Bg2 g6 5. O-O Bg7 6. d3 e5 7. Nc3 Nge7 8. Nd2
O-O 9. Nc4 Nd4 10. a4 Be6 11. Nd5 Nxd5 12. exd5 Bc8 13. g4 b5 14. axb5 f5 15.
c3 Nxb5 16. gxf5 Bxf5 17. f4 Qh4 18. Be3 exf4 19. Rxf4 Qe7 20. Rf2 Qd7 21. Bf4
Bh3 22. Qf3 Bxg2 23. Qxg2 Rae8 24. Raf1 Rf5 25. Bg3 Rxf2 26. Rxf2 Qg4 27. Qf3
Qd7 28. Re2 Rxe2 29. Qxe2 Bf8 30. Qe4 Nc7 31. Kg2 Ne8 32. Ne3 Kf7 33. Qf3+ Kg8
34. Ng4 Bg7 35. Qe2 Nc7 36. c4 Qe8 37. Qf3 Qe7 38. b3 Ne8 39. Qe4 Qxe4+ 40.
dxe4 h5 41. Nf2 Bf8 42. e5 dxe5 43. Bxe5 Bd6 44. Nd3 Bxe5 45. Nxe5 Nd6 46. Nxg6
Nf5 47. Kf3 Nd4+ 48. Ke4 a5 49. d6 Kf7 50. d7 Ne6 51. Kd5 1-0

[Event "VIII Tarragona op"]
[Site "Tarragona"]
[Date "2007.08.23"]
[Round "6.3"]
[White "Delchev, Aleksander"]
[Black "Ramiro Ovejero, Juan Luis"]
[Result "1-0"]
[WhiteElo "2591"]
[BlackElo "2329"]
[PlyCount "99"]
[EventDate "2007.08.18"]

1. d4 Nf6 2. c4 c5 3. d5 e5 4. Nc3 d6 5. e4 Be7 6. g3 h5 7. h4 Na6 8. a3 Nc7 9.
b4 b6 10. bxc5 bxc5 11. Rb1 O-O 12. Be2 Nce8 13. Nf3 g6 14. Bh6 Ng7 15. Nh2 Kh7
16. Qd2 Ng8 17. Be3 f5 18. Nf3 Nf6 19. Ng5+ Kg8 20. f3 fxe4 21. fxe4 Ng4 22.
Nf3 Nxe3 23. Qxe3 Bg4 24. O-O Bxf3 25. Bxf3 g5 26. hxg5 Bxg5 27. Qd3 Qd7 28.
Kg2 Rf6 29. Rh1 Raf8 30. Rbf1 Qf7 31. Nd1 Qg6 32. Rh3 h4 33. Ne3 Bxe3 34. Qxe3
Rf4 35. Kh2 hxg3+ 36. Rxg3 Rh4+ 37. Kg2 Qh6 38. Qxh6 Rxh6 39. Rb1 Rhf6 40. a4
Kh7 41. a5 R8f7 42. Rb8 Rg6 43. a6 Rxg3+ 44. Kxg3 Kg6 45. Rd8 Nh5+ 46. Bxh5+
Kxh5 47. Rxd6 Rf4 48. Rd7 Rxe4 49. Rxa7 Kg6 50. Ra8 1-0

[Event "VIII Tarragona op"]
[Site "Tarragona"]
[Date "2007.08.23"]
[Round "6.4"]
[White "Peric, Slavisa"]
[Black "Kogan, Artur"]
[Result "0-1"]
[WhiteElo "2266"]
[BlackElo "2569"]
[PlyCount "82"]
[EventDate "2007.08.18"]

1. d4 Nf6 2. Nf3 b6 3. Bg5 e6 4. e3 Bb7 5. Nbd2 h6 6. Bh4 d6 7. h3 Nbd7 8. Be2
g5 9. Bg3 Bg7 10. c3 Qe7 11. O-O O-O 12. b4 Nh7 13. Ne1 f5 14. f3 e5 15. Nc2
Rae8 16. Re1 Nhf6 17. Bf2 e4 18. c4 exf3 19. Bxf3 Ne4 20. Nxe4 Bxe4 21. Rc1 Nf6
22. Na3 Qf7 23. Rf1 Qg6 24. Nb5 g4 25. hxg4 Bxf3 26. Qxf3 fxg4 27. Qe2 g3 28.
Be1 Qg5 29. Rf3 Ne4 30. Rf4 Rxf4 31. exf4 Qh4 32. Bxg3 Qxg3 33. Rd1 c6 34. Nxa7
c5 35. dxc5 dxc5 36. bxc5 bxc5 37. Nb5 Qxf4 38. Rf1 Qh4 39. Qe3 Be5 40. Qh3
Qxh3 41. gxh3 Nc3 0-1

[Event "VIII Tarragona op"]
[Site "Tarragona"]
[Date "2007.08.23"]
[Round "6.5"]
[White "Munoz Pantoja, Miguel"]
[Black "Peralta, Fernando"]
[Result "1/2-1/2"]
[WhiteElo "2452"]
[BlackElo "2546"]
[PlyCount "74"]
[EventDate "2007.08.18"]

1. e4 c6 2. Nc3 d5 3. Nf3 Bg4 4. Be2 Nf6 5. Ne5 Bxe2 6. Qxe2 dxe4 7. Nxe4 Nxe4
8. Qxe4 Qd5 9. Qxd5 cxd5 10. d4 f6 11. Nd3 Nc6 12. Be3 e5 13. dxe5 fxe5 14. c3
Be7 15. O-O-O O-O-O 16. f4 d4 17. cxd4 exd4 18. Bd2 Bd6 19. Rhe1 Rde8 20. Kc2
Kd7 21. Nf2 Bb4 22. Ne4 Bxd2 23. Rxd2 b6 24. a3 Rhf8 25. g3 a5 26. Kd3 Re7 27.
Rde2 h6 28. h4 Rf5 29. a4 Rf8 30. Nf2 Nb4+ 31. Kc4 Rc8+ 32. Kb3 Rxe2 33. Rxe2
Kd6 34. Re4 Nc6 35. Kc4 Nb4+ 36. Kb3 Nc6 37. Kc4 Nb4+ 1/2-1/2

[Event "VIII Tarragona op"]
[Site "Tarragona"]
[Date "2007.08.23"]
[Round "6.6"]
[White "Oratovsky, Michael"]
[Black "Chueca Forcen, Alberto"]
[Result "1-0"]
[WhiteElo "2525"]
[BlackElo "2189"]
[PlyCount "57"]
[EventDate "2007.08.18"]

1. e4 c6 2. d4 d5 3. Nd2 dxe4 4. Nxe4 Nf6 5. Nxf6+ gxf6 6. Ne2 Bf5 7. Ng3 Bg6
8. h4 h5 9. c3 Nd7 10. Be2 Qa5 11. a4 e5 12. O-O Qc7 13. a5 Bd6 14. a6 b6 15.
Bd3 Bxd3 16. Qxd3 O-O-O 17. Nf5 exd4 18. cxd4 Rdg8 19. Qf3 Rg4 20. g3 Rhg8 21.
Kh1 R8g6 22. Re1 Nf8 23. Bd2 Ne6 24. Rac1 c5 25. dxc5 bxc5 26. Ba5 Qxa5 27.
Rxe6 fxe6 28. Qc6+ Kb8 29. Qb7# 1-0

[Event "VIII Tarragona op"]
[Site "Tarragona"]
[Date "2007.08.23"]
[Round "6.7"]
[White "Del Rio Angelis, Salvador G"]
[Black "Sandu, Mihaela"]
[Result "1/2-1/2"]
[WhiteElo "2506"]
[BlackElo "2271"]
[PlyCount "81"]
[EventDate "2007.08.18"]

1. d4 Nf6 2. c4 g6 3. Nc3 Bg7 4. e4 d6 5. Be2 O-O 6. Bg5 Na6 7. f4 c6 8. e5 Ne8
9. Nf3 f6 10. exf6 Nxf6 11. O-O Nc7 12. d5 Na6 13. Nd4 Nxd5 14. cxd5 Qb6 15.
Kh1 Qxd4 16. Bxe7 Re8 17. Bxd6 Qxd1 18. Bxd1 cxd5 19. Nxd5 Be6 20. Bb3 Rad8 21.
Ne7+ Kf7 22. Bxe6+ Kxe6 23. Ba3 Kf7 24. f5 g5 25. f6 Bxf6 26. Nf5 Kg6 27. Rf2
Re6 28. Raf1 b5 29. b3 b4 30. Bb2 Bc3 31. g4 Nc5 32. Bc1 Nd3 33. Rf3 Nxc1 34.
Rxc1 Rd2 35. Rh3 Rxa2 36. Rh6+ Kf7 37. Nd6+ Ke7 38. Nf5+ Kf7 39. Nd6+ Ke7 40.
Nf5+ Kf7 41. Nd6+ 1/2-1/2

[Event "VIII Tarragona op"]
[Site "Tarragona"]
[Date "2007.08.23"]
[Round "6.9"]
[White "Fernandez Cazorla, Antonio"]
[Black "Gozzoli, Yannick"]
[Result "1/2-1/2"]
[WhiteElo "2223"]
[BlackElo "2470"]
[PlyCount "124"]
[EventDate "2007.08.18"]

1. e4 e5 2. Nf3 Nc6 3. Bb5 a6 4. Ba4 Nf6 5. Qe2 Be7 6. c3 b5 7. Bc2 O-O 8. O-O
d5 9. d3 Bg4 10. h3 Bh5 11. Bg5 d4 12. Nbd2 Qd6 13. Rfd1 Nd7 14. Bxe7 Nxe7 15.
cxd4 exd4 16. e5 Qb6 17. g4 Bg6 18. Nh4 f5 19. f4 fxg4 20. Qxg4 Bf5 21. Qg3 Ng6
22. Nxg6 Qxg6 23. Kh2 Qxg3+ 24. Kxg3 g5 25. fxg5 Nxe5 26. Nb3 Rad8 27. Nc5 Bc8
28. Rf1 h6 29. gxh6 Kh7 30. Rae1 Rxf1 31. Rxf1 Rg8+ 32. Kh2 Kxh6 33. Bd1 Rg5
34. Rf8 Ng6 35. Rxc8 Rxc5 36. Ra8 Rc1 37. Bf3 Ne5 38. Be4 Kg5 39. Kg3 Rg1+ 40.
Kf2 Rd1 41. Rxa6 Nxd3+ 42. Bxd3 Rxd3 43. Rc6 Kf4 44. Ke2 Rxh3 45. Rxc7 Ke4 46.
Re7+ Kd5 47. Kd2 Rh2+ 48. Re2 Rh1 49. Kd3 Rh3+ 50. Kd2 Rh8 51. Kd3 Rg8 52. Rh2
Rg3+ 53. Kd2 Kc4 54. Kc2 Rf3 55. Rg2 Kd5 56. Rh2 Rf1 57. Rh5+ Kc4 58. b3+ Kb4
59. a3+ Kxa3 60. Rxb5 Rf2+ 61. Kd3 Rf3+ 62. Kxd4 Rxb3 1/2-1/2

[Event "VIII Tarragona op"]
[Site "Tarragona"]
[Date "2007.08.23"]
[Round "6.10"]
[White "Khaidorov, Viacheslav"]
[Black "Brynell, Stellan"]
[Result "0-1"]
[WhiteElo "2154"]
[BlackElo "2470"]
[PlyCount "69"]
[EventDate "2007.08.18"]

1. d4 e6 2. Nf3 Nf6 3. e3 c5 4. Bd3 d5 5. c3 Nc6 6. Nbd2 Bd6 7. dxc5 Bxc5 8.
O-O O-O 9. Qe2 Qc7 10. e4 h6 11. Bc2 a6 12. Kh1 b5 13. h3 dxe4 14. Nxe4 Nxe4
15. Qxe4 f5 16. Qe2 Bd7 17. Bb3 Rae8 18. Be3 Bd6 19. Rfd1 Bc8 20. c4 b4 21. c5
Be7 22. Rac1 Kh8 23. Ba4 Bb7 24. Bd4 Rd8 25. Qxe6 Nxd4 26. Nxd4 Bg5 27. Rc2 Be4
28. c6 Rf6 29. Qc4 Rfd6 30. Re2 Qb6 31. c7 Rc8 32. Nxf5 Rxd1+ 33. Bxd1 Bxf5 34.
Qf7 Bg6 35. Qc4 0-1

[Event "VIII Tarragona op"]
[Site "Tarragona"]
[Date "2007.08.24"]
[Round "7.1"]
[White "Kogan, Artur"]
[Black "Movsziszian, Karen"]
[Result "0-1"]
[WhiteElo "2569"]
[BlackElo "2534"]
[PlyCount "116"]
[EventDate "2007.08.18"]

1. e4 g6 2. d4 Bg7 3. Nc3 c6 4. Bc4 d6 5. Qf3 e6 6. Nge2 Nd7 7. Be3 Ngf6 8. Bb3
O-O 9. g4 e5 10. g5 Nh5 11. O-O-O Qe7 12. h4 b5 13. d5 b4 14. dxc6 bxc3 15.
cxd7 cxb2+ 16. Kb1 Bxd7 17. Nc3 Bc6 18. Rd2 a5 19. Rhd1 a4 20. Bc4 Rfd8 21. Nd5
Qb7 22. a3 Rab8 23. Qe2 Nf4 24. Qf1 Nxd5 25. Bxd5 Bxd5 26. Rxd5 Bf8 27. Qd3
Rdc8 28. Bd2 Rc6 29. Bb4 Rbc8 30. c3 Qd7 31. Qf3 Qb7 32. R1d3 Qa6 33. Qd1 Qc4
34. f3 Ra6 35. Rd2 h6 36. Rxb2 hxg5 37. hxg5 Be7 38. Qd3 Bxg5 39. Qxc4 Rxc4 40.
Bxd6 Bf4 41. Kc2 Rac6 42. Rb8+ Kg7 43. Bb4 Bg3 44. Kd2 f5 45. Rd7+ Kf6 46. Ke3
Bf4+ 47. Ke2 fxe4 48. Rf8+ Kg5 49. fxe4 Rxe4+ 50. Kf2 Kg4 51. Rd3 g5 52. Rh8
Rf6 53. Rf8 Bg3+ 54. Kg2 Re2+ 55. Kg1 Rxf8 56. Bxf8 e4 57. Rd1 Rc2 58. Bg7 e3
0-1

[Event "VIII Tarragona op"]
[Site "Tarragona"]
[Date "2007.08.24"]
[Round "7.2"]
[White "Marzolo, Cyril"]
[Black "Delchev, Aleksander"]
[Result "0-1"]
[WhiteElo "2491"]
[BlackElo "2591"]
[PlyCount "82"]
[EventDate "2007.08.18"]

1. d4 d5 2. c4 e6 3. Nf3 c6 4. Qc2 dxc4 5. Qxc4 Nf6 6. g3 b5 7. Qc2 Bb7 8. Bg2
Nbd7 9. O-O c5 10. dxc5 Bxc5 11. Bg5 Rc8 12. Qd3 a6 13. Nbd2 O-O 14. e4 h6 15.
Bxf6 Nxf6 16. Qe2 Ba7 17. e5 Ng4 18. Nb3 Qc7 19. Rae1 Bb8 20. Rc1 Qb6 21. h3
Bxf3 22. Qxf3 Rxc1 23. Rxc1 Nxe5 24. Qb7 Ba7 25. Qxb6 Bxb6 26. Bf1 Rd8 27. Be2
Kf8 28. Rc2 Ke7 29. Nc1 Rd6 30. a3 g6 31. Kf1 h5 32. Ke1 h4 33. g4 Rd4 34. Rd2
Rxd2 35. Kxd2 Bxf2 36. a4 bxa4 37. Bxa6 Bd4 38. Kc2 Nf3 39. Bb5 Ng5 40. Bxa4
Nxh3 41. Nd3 Kd6 0-1

[Event "VIII Tarragona op"]
[Site "Tarragona"]
[Date "2007.08.24"]
[Round "7.3"]
[White "Gladyszev, Oleg"]
[Black "Carlsson, Pontus"]
[Result "1/2-1/2"]
[WhiteElo "2480"]
[BlackElo "2487"]
[PlyCount "26"]
[EventDate "2007.08.18"]

1. d4 Nf6 2. c4 e6 3. Nc3 Bb4 4. Qc2 d5 5. cxd5 exd5 6. Bg5 c5 7. dxc5 h6 8.
Bh4 g5 9. Bg3 Ne4 10. e3 Qa5 11. Nge2 Bf5 12. Bxb8 Rxb8 13. Nd4 Ra8 1/2-1/2

[Event "VIII Tarragona op"]
[Site "Tarragona"]
[Date "2007.08.24"]
[Round "7.5"]
[White "Kosten, Anthony C"]
[Black "Perpinya Rofes, Lluis Maria"]
[Result "1/2-1/2"]
[WhiteElo "2508"]
[BlackElo "2400"]
[PlyCount "204"]
[EventDate "2007.08.18"]

1. Nf3 Nf6 2. d4 g6 3. Nc3 d5 4. Bf4 Bg7 5. Qd2 Ne4 6. Nxe4 dxe4 7. Ne5 Be6 8.
e3 O-O 9. Be2 c5 10. Rd1 Nd7 11. Nc4 Nb6 12. Na5 Qc8 13. c4 Rd8 14. d5 Bd7 15.
b3 Be8 16. O-O e6 17. Qc2 exd5 18. cxd5 Nxd5 19. Bg5 Nf6 20. Rxd8 Qxd8 21. Nxb7
Qb6 22. Nxc5 Rc8 23. Rc1 Bf8 24. Qb2 Bxc5 25. Bxf6 Rc6 26. Bg5 Bf8 27. Rxc6
Qxc6 28. Bf6 Bd7 29. Bc4 Be6 30. Bxe6 Qxe6 31. Bd4 a6 32. Qc2 h5 33. h3 Be7 34.
Qc4 Qxc4 35. bxc4 f5 36. Kf1 Kf7 37. Ke2 Ke6 38. f3 Bb4 39. fxe4 fxe4 40. Kd1
Kd6 41. Kc2 Kc6 42. Kb3 Be1 43. Kc2 Bb4 44. Kd1 Bd6 45. Kd2 Bg3 46. Bf6 Kc5 47.
Kc3 Be1+ 48. Kb3 Bd2 49. Bd4+ Kc6 50. a4 Be1 51. c5 Kd5 52. c6 Kxc6 53. Kc4 Bd2
54. g4 hxg4 55. hxg4 Bc1 56. a5 Bd2 57. Bb6 Be1 58. Kd4 Kb5 59. Kxe4 Bxa5 60.
Bxa5 Kxa5 61. Kd5 Kb6 62. Kd6 Kb7 63. e4 a5 64. e5 Kc8 65. Ke7 a4 66. e6 a3 67.
Kf7 a2 68. e7 a1=Q 69. e8=Q+ Kb7 70. Qd7+ Kb6 71. Kxg6 Kc5 72. g5 Kc4 73. Qc6+
Kb3 74. Kh6 Qe5 75. Qf6 Qh2+ 76. Kg7 Ka2 77. g6 Kb1 78. Qb6+ Ka2 79. Kg8 Qe5
80. Qa7+ Kb1 81. Qg1+ Ka2 82. Qg2+ Kb1 83. Qf1+ Ka2 84. g7 Qb8+ 85. Qf8 Qb3+
86. Qf7 Ka1 87. Kf8 Qb8+ 88. Qe8 Qf4+ 89. Kg8 Qc4+ 90. Kf8 Qf4+ 91. Qf7 Qb8+
92. Ke7 Qc7+ 93. Kf6 Qf4+ 94. Kg6 Qg3+ 95. Kh6 Qe3+ 96. Kh5 Qh3+ 97. Kg5 Qg3+
98. Kf5 Qf3+ 99. Ke6 Qe4+ 100. Kd6 Qd4+ 101. Kc6 Qc3+ 102. Kb7 Qb3+ 1/2-1/2

[Event "VIII Tarragona op"]
[Site "Tarragona"]
[Date "2007.08.24"]
[Round "7.7"]
[White "Gozzoli, Yannick"]
[Black "Avila Jimenez, Javier"]
[Result "1-0"]
[WhiteElo "2470"]
[BlackElo "2259"]
[PlyCount "53"]
[EventDate "2007.08.18"]

1. d4 d5 2. Nf3 Nf6 3. c4 c6 4. Nc3 dxc4 5. e4 b5 6. e5 Nd5 7. a4 e6 8. Ng5 Be7
9. h4 h6 10. Nge4 b4 11. Nb1 a5 12. Nbd2 Nb6 13. Qg4 Kf8 14. Nf3 Ba6 15. h5 Qd5
16. Rh3 N8d7 17. Rg3 Rh7 18. Be3 Ke8 19. Nc5 Nxc5 20. dxc5 Nd7 21. Rd1 Nxe5 22.
Nxe5 Qxe5 23. Bxc4 Bxc4 24. Qxc4 Qxh5 25. Qe4 Qh1+ 26. Ke2 Qh5+ 27. f3 1-0

[Event "VIII Tarragona op"]
[Site "Tarragona"]
[Date "2007.08.24"]
[Round "7.8"]
[White "Brynell, Stellan"]
[Black "Fernandez Cazorla, Antonio"]
[Result "1-0"]
[WhiteElo "2470"]
[BlackElo "2223"]
[PlyCount "51"]
[EventDate "2007.08.18"]

1. d4 d5 2. c4 c6 3. Nc3 Nf6 4. e3 a6 5. Nf3 Bg4 6. Qb3 Ra7 7. Ne5 Bf5 8. f3 e6
9. g4 Bg6 10. h4 h5 11. g5 Ng8 12. Nxg6 fxg6 13. Bd3 Ne7 14. cxd5 cxd5 15. e4
Nbc6 16. Be3 b5 17. a4 b4 18. Ne2 Na5 19. Qd1 Nc4 20. Bxc4 dxc4 21. Nf4 Qc8 22.
d5 e5 23. Bxa7 exf4 24. Rc1 Qc7 25. Qd4 Nc8 26. Rxc4 1-0

[Event "VIII Tarragona op"]
[Site "Tarragona"]
[Date "2007.08.24"]
[Round "7.9"]
[White "Sandu, Mihaela"]
[Black "Munoz Pantoja, Miguel"]
[Result "1-0"]
[WhiteElo "2271"]
[BlackElo "2452"]
[PlyCount "79"]
[EventDate "2007.08.18"]

1. e4 d5 2. exd5 Qxd5 3. Nc3 Qa5 4. d4 Nf6 5. Nf3 Nc6 6. Bd2 Bg4 7. Nb5 Qb6 8.
c4 Nxd4 9. Nbxd4 O-O-O 10. Qb3 Ne4 11. Qxb6 axb6 12. Be3 e5 13. Nc2 f6 14. Be2
Bf5 15. Rc1 g5 16. h3 h5 17. a3 Be7 18. Nb4 Be6 19. Nd5 Bd6 20. Nd2 Nxd2 21.
Bxd2 Bc5 22. Be3 Bxd5 23. cxd5 Rxd5 24. Bc4 Rd6 25. Ke2 Bd4 26. Bxd4 exd4 27.
Kd3 c6 28. a4 Kd7 29. Rhe1 Ra8 30. b3 Ra5 31. Re4 b5 32. axb5 c5 33. Rce1 Ra2
34. Re7+ Kc8 35. Rf7 Kd8 36. Ree7 Rxf2 37. Rxb7 Kc8 38. Rfc7+ Kd8 39. Rh7 Kc8
40. b6 1-0

[Event "VIII Tarragona op"]
[Site "Tarragona"]
[Date "2007.08.24"]
[Round "7.10"]
[White "Fernandez Fuentes, Fco  J"]
[Black "Bellon Lopez, Juan Manuel"]
[Result "1-0"]
[WhiteElo "2158"]
[BlackElo "2442"]
[PlyCount "77"]
[EventDate "2007.08.18"]

1. e4 c5 2. Nf3 e6 3. d4 cxd4 4. Nxd4 a6 5. c4 Nf6 6. Bd3 Qc7 7. O-O b6 8. Nc3
Bb7 9. Qe2 d6 10. Be3 Nbd7 11. Rfc1 Be7 12. b4 O-O 13. f3 Rfe8 14. Qf2 Rac8 15.
Na4 Bd8 16. Nb3 Ne5 17. Bf1 Nfd7 18. c5 bxc5 19. bxc5 d5 20. Nb6 Nxb6 21. cxb6
Qb8 22. Rxc8 Bxc8 23. a4 dxe4 24. a5 exf3 25. Bf4 f6 26. Nc5 fxg2 27. Bxg2 Bxb6
28. axb6 Qxb6 29. Bxe5 fxe5 30. Rf1 Qd8 31. Qf7+ Kh8 32. Be4 g6 33. Bc6 Rg8 34.
Nxe6 Bxe6 35. Qxe6 Qg5+ 36. Kh1 h5 37. Bd5 Rg7 38. Rf8+ Kh7 39. Qc8 1-0

[Event "VIII Tarragona op"]
[Site "Tarragona"]
[Date "2007.08.25"]
[Round "8.2"]
[White "Oratovsky, Michael"]
[Black "Gozzoli, Yannick"]
[Result "1/2-1/2"]
[WhiteElo "2525"]
[BlackElo "2470"]
[PlyCount "54"]
[EventDate "2007.08.18"]

1. e4 e5 2. Nf3 Nc6 3. Bc4 Nf6 4. d3 Bc5 5. c3 a6 6. Nbd2 Ba7 7. h3 O-O 8. Bb3
d5 9. exd5 Nxd5 10. Ne4 Bf5 11. O-O Bg6 12. Re1 Kh8 13. Ba4 b5 14. Bb3 f5 15.
Neg5 Qd6 16. Nh4 Rad8 17. Nxg6+ Qxg6 18. Qe2 h6 19. Nf3 Qf6 20. Nxe5 Rde8 21.
Nd7 Rxe2 22. Rxe2 Nxc3 23. bxc3 Qxc3 24. Bb2 Qxd3 25. Nxf8 Qxe2 26. Ng6+ Kh7
27. Nf8+ Kh8 1/2-1/2

[Event "VIII Tarragona op"]
[Site "Tarragona"]
[Date "2007.08.25"]
[Round "8.3"]
[White "Del Rio Angelis, Salvador G"]
[Black "Brynell, Stellan"]
[Result "0-1"]
[WhiteElo "2506"]
[BlackElo "2470"]
[PlyCount "86"]
[EventDate "2007.08.18"]

1. d4 Nf6 2. c4 e6 3. Nc3 Bb4 4. e3 b6 5. Nge2 Ne4 6. Qc2 Bb7 7. a3 Bxc3+ 8.
Nxc3 f5 9. d5 Nxc3 10. Qxc3 Qe7 11. Qe5 d6 12. Qxe6 Qxe6 13. dxe6 Ke7 14. b4 a5
15. c5 axb4 16. cxd6+ cxd6 17. Rg1 Nc6 18. f4 bxa3 19. g4 fxg4 20. Rxg4 g6 21.
f5 Ne5 22. Rb4 gxf5 23. Rxb6 Be4 24. Bxa3 Rhd8 25. Ba6 Kxe6 26. Ra2 Rab8 27.
Rab2 Rxb6 28. Rxb6 Nf3+ 29. Kf2 Nxh2 30. Bc4+ Bd5 31. Be2 Ng4+ 32. Bxg4 fxg4
33. Kg3 Bf3 34. Bb4 Ke5 35. Rb5+ Ke4 36. Rb6 d5 37. Re6+ Kd3 38. Bd6 Ra8 39.
Bf4 Ra1 40. Rb6 h5 41. Rb3+ Ke4 42. Rb4+ Kf5 43. Rb2 Rh1 0-1

[Event "VIII Tarragona op"]
[Site "Tarragona"]
[Date "2007.08.25"]
[Round "8.5"]
[White "Fernandez Fuentes, Fco  J"]
[Black "Gladyszev, Oleg"]
[Result "0-1"]
[WhiteElo "2158"]
[BlackElo "2480"]
[PlyCount "102"]
[EventDate "2007.08.18"]

1. c4 g6 2. Nc3 Bg7 3. d4 Nf6 4. e4 d6 5. f3 O-O 6. Nge2 c5 7. Be3 b6 8. d5 e6
9. Ng3 exd5 10. cxd5 h5 11. Be2 h4 12. Nf1 Nh7 13. Qd2 Re8 14. g4 Nd7 15. Rg1
a6 16. a4 Rb8 17. Rb1 b5 18. axb5 Qa5 19. Nd1 Qxd2+ 20. Bxd2 axb5 21. b4 c4 22.
Bc3 Ne5 23. Ra1 Ng5 24. Nd2 Nh3 25. Rf1 Nf4 26. Nb1 Ned3+ 27. Bxd3 Nxd3+ 28.
Kd2 Nxb4 29. Bxb4 Bxa1 30. Bxd6 Ra8 31. Nbc3 Bd7 32. Ne3 Ra6 33. Bb4 f5 34.
gxf5 gxf5 35. Rg1+ Kh7 36. Nc2 Bb2 37. Re1 fxe4 38. fxe4 Rg6 39. Re2 Rg1 40.
Ke3 Bxc3 41. Bxc3 Rd1 42. Nb4 Ra8 43. Rg2 Ra3 44. Rg7+ Kh6 45. Rxd7 Rxc3+ 46.
Kf4 Rb3 47. Nc6 c3 48. Ne5 Rf1+ 49. Kg4 c2 50. Rd6+ Kg7 51. Rg6+ Kh7 0-1

[Event "VIII Tarragona op"]
[Site "Tarragona"]
[Date "2007.08.25"]
[Round "8.6"]
[White "Perpinya Rofes, Lluis Maria"]
[Black "Kogan, Artur"]
[Result "0-1"]
[WhiteElo "2400"]
[BlackElo "2569"]
[PlyCount "64"]
[EventDate "2007.08.18"]

1. e4 c5 2. Nf3 d6 3. d4 cxd4 4. Nxd4 Nf6 5. Nc3 Nbd7 6. Bg5 h6 7. Bh4 e6 8. f4
Qb6 9. Qd2 Be7 10. O-O-O O-O 11. Qe1 Re8 12. g4 Nf8 13. g5 hxg5 14. Bxg5 N8h7
15. Nf3 e5 16. Bc4 Bg4 17. Rf1 Qc5 18. Bb3 Bh5 19. Qg3 Qe3+ 20. Kb1 Nxe4 21.
Nxe4 Qxe4 22. Bd5 Qf5 23. Nh4 Qd7 24. Bh6 Qg4 25. Bxf7+ Kxf7 26. fxe5+ Nf6 27.
Qb3+ Qe6 28. exf6 Bxf6 29. Qxb7+ Kg8 30. Rg1 Bf7 31. Qa6 Rab8 32. c3 Qe4+ 0-1

[Event "VIII Tarragona op"]
[Site "Tarragona"]
[Date "2007.08.25"]
[Round "8.7"]
[White "Ramiro Ovejero, Juan Luis"]
[Black "Peralta, Fernando"]
[Result "0-1"]
[WhiteElo "2329"]
[BlackElo "2546"]
[PlyCount "95"]
[EventDate "2007.08.18"]

1. e4 d6 2. d4 Nf6 3. Nc3 g6 4. g3 Bg7 5. Bg2 O-O 6. Nge2 e5 7. h3 c6 8. a4
exd4 9. Nxd4 Na6 10. O-O Nb4 11. f4 d5 12. e5 Ne4 13. Nxe4 dxe4 14. c3 Nd3 15.
Be3 f5 16. exf6 Qxf6 17. Bxe4 Nxb2 18. Qb3+ Qf7 19. Qxb2 Qe7 20. Qb3+ Kh8 21.
Qc2 Bf5 22. Bxf5 Qxe3+ 23. Kh2 Bxd4 24. Bxg6 Qxc3 25. Qxc3 Bxc3 26. Rac1 Bd2
27. Rcd1 hxg6 28. Rxd2 Rad8 29. Rfd1 Rxd2+ 30. Rxd2 b5 31. axb5 cxb5 32. Rd7 a5
33. Ra7 a4 34. Kg2 Rc8 35. Kf3 Rc3+ 36. Kg4 a3 37. Kh4 b4 38. g4 Rc5 39. f5
gxf5 40. g5 Rc8 41. g6 Rb8 42. Kg5 b3 43. Kh6 b2 44. Rh7+ Kg8 45. Rg7+ Kh8 46.
Rh7+ Kg8 47. Rg7+ Kf8 48. Rc7 0-1

[Event "VIII Tarragona op"]
[Site "Tarragona"]
[Date "2007.08.25"]
[Round "8.8"]
[White "Peric, Slavisa"]
[Black "Kosten, Anthony C"]
[Result "0-1"]
[WhiteElo "2266"]
[BlackElo "2508"]
[PlyCount "84"]
[EventDate "2007.08.18"]

1. d4 Nf6 2. Nf3 e6 3. c3 c5 4. e3 Nc6 5. Nbd2 d5 6. Bd3 Bd6 7. Qe2 O-O 8. dxc5
Bxc5 9. e4 h6 10. O-O Qc7 11. h3 Nh5 12. Nb3 Ng3 13. Qc2 dxe4 14. Bxe4 Nxe4 15.
Qxe4 Bd6 16. Rd1 e5 17. Be3 Ne7 18. Rxd6 Qxd6 19. Bc5 Qc7 20. Nxe5 Re8 21. f4
Nc6 22. Qa4 Be6 23. Nxc6 bxc6 24. Rf1 Bxb3 25. axb3 Re2 26. Qa3 Qd7 27. Bd4 Qd5
28. Rf3 f6 29. Rg3 Qe6 30. Qc5 Rf8 31. Qxa7 Rf7 32. Qc5 Qe4 33. Qd6 Kh7 34. b4
Rxb2 35. h4 Qe1+ 36. Kh2 Rb1 37. Rh3 Rd1 38. Qxc6 Qh1+ 39. Kg3 Rd3+ 40. Kf2
Rxh3 41. Qe4+ f5 42. Qe5 Rh2 0-1

[Event "VIII Tarragona op"]
[Site "Tarragona"]
[Date "2007.08.25"]
[Round "8.10"]
[White "Munoz Pantoja, Miguel"]
[Black "Chueca Forcen, Alberto"]
[Result "1-0"]
[WhiteElo "2452"]
[BlackElo "2189"]
[PlyCount "175"]
[EventDate "2007.08.18"]

1. e4 e5 2. d4 exd4 3. Qxd4 Nc6 4. Qe3 Nf6 5. Bd2 Bb4 6. Nc3 O-O 7. O-O-O Re8
8. Qg3 Rxe4 9. Bg5 Bxc3 10. Qxc3 h6 11. Bxf6 Qxf6 12. Qxf6 gxf6 13. Ne2 Ne7 14.
Nc3 Re5 15. f4 Rc5 16. g4 d5 17. f5 Bd7 18. Bg2 Bc6 19. Ne2 b6 20. Rhe1 Kf8 21.
b3 Rd8 22. Rd4 Ba8 23. Nf4 Rc6 24. Rd2 Rcd6 25. Rde2 R6d7 26. Nh5 Ng8 27. a4 c5
28. Kd2 a6 29. Kd3 Bc6 30. Kd2 Rd6 31. Nf4 Ba8 32. a5 b5 33. Nd3 c4 34. Nc5 d4
35. Bxa8 Rxa8 36. b4 Rd5 37. Re4 h5 38. h3 hxg4 39. hxg4 Nh6 40. Rh1 Kg7 41.
Re7 Nxg4 42. Ne6+ Kg8 43. Nc7 c3+ 44. Kc1 Rxf5 45. Nxa8 Ne3 46. Re8+ Kg7 47.
Rg1+ Kh7 48. Re4 Rh5 49. Nc7 Rh2 50. Rxe3 dxe3 51. Nd5 Rh4 52. Nxf6+ Kh6 53.
Ng4+ Kh5 54. Nxe3 Rxb4 55. Nd5 Ra4 56. Nxc3 Ra1+ 57. Nb1 Rxa5 58. Kb2 f5 59.
Nc3 b4 60. Ne2 Rb5 61. Nf4+ Kh4 62. Kb3 a5 63. Nd3 Rb8 64. Ra1 Kg3 65. Rxa5 Rf8
66. Kxb4 f4 67. Rg5+ Kf3 68. Kc3 Rc8+ 69. Kd2 Rf8 70. c4 Rc8 71. c5 Ke4 72.
Re5+ Kd4 73. Rf5 Ra8 74. Rxf4+ Kd5 75. Rf6 Kc4 76. Rb6 Ra2+ 77. Ke3 Rh2 78.
Rb4+ Kd5 79. Rd4+ Kc6 80. Rd6+ Kc7 81. Nb4 Rh3+ 82. Kd4 Rh4+ 83. Kc3 Rg4 84.
Nd5+ Kc8 85. c6 Rg3+ 86. Kc4 Rg4+ 87. Kc5 Rg1 88. Nb6+ 1-0

[Event "VIII Tarragona op"]
[Site "Tarragona"]
[Date "2007.08.26"]
[Round "9.1"]
[White "Brynell, Stellan"]
[Black "Delchev, Aleksander"]
[Result "1/2-1/2"]
[WhiteElo "2470"]
[BlackElo "2591"]
[PlyCount "39"]
[EventDate "2007.08.18"]

1. e4 e5 2. Nf3 Nc6 3. Bb5 a6 4. Bxc6 dxc6 5. O-O Bg4 6. h3 h5 7. d3 Qf6 8. Be3
Bxf3 9. Qxf3 Qxf3 10. gxf3 Bd6 11. Nd2 Ne7 12. Nc4 Ng6 13. Rfd1 f6 14. Kf1 c5
15. c3 Be7 16. a3 a5 17. a4 b6 18. Ke2 Kf7 19. Rg1 Rhe8 20. Rg3 1/2-1/2